000 00444nam a2200169Ia 4500
008 210423s2012 xx 000 0 und d
020 _a9780198062295
041 _aeng
082 _a530.141 SADM
100 _aSADIKU (Mathew N O).
245 _aPrinciples of electromagnetics.
250 _a4
260 _aNew York
_bOxford University Press
_c2012
300 _a734
_bPB
365 _b475
_cINR
906 _aelectromagnetics. ; Principles
999 _c162361
_d162361